Ha azt mondom IZÉ

Bibliographic Details
Main Authors: Fulajtár, Zsófi (Author), Tóth, Kati (Author), Kubik, Katalin H. (Author)
Format: Article
Language:Hungarian
PhysicalDescription:Fotogr. 1
Subjects:

MARC

LEADER 00000nab a2200000 a 4500
001 vtls000549144
003 SK-MaSNL
005 20260318133158.0
008 160202c1995 xo 0 hun
015 |a SNBRB19rr/mm-uuuuu 
035 |a CL0549282 
040 |a SNKBUCL  |b slo  |c SNKBUCL  |e AACR2 
041 0 |a hun 
044 |a xo  |c SK 
080 |a 373.54(437.615=945.11):05  |2 1981 
080 |a 05  |2 1981 
100 1 |a Fulajtár, Zsófi  |4 aut  |9 1239582 
245 1 0 |a Ha azt mondom IZÉ  |c Zsófi Fulajtár, Kati Tóth, Katalin Kubik H. 
300 |b Fotogr. 1 
500 |a Na dokumente meno autorky H. Kubik Katalin 
650 0 7 |a Gymnázium s vyučovacím jazykom maďarským (Dunajská Streda, Slovensko)  |2 snkbucl  |9 1239583 
651 7 |a 5202  |2 snkbucl  |9 277881 
655 7 |a články z novín a časopisov  |2 snkbucl  |9 267496 
700 1 |a Tóth, Kati  |4 aut  |9 1239584 
700 1 |a Kubik, Katalin H.  |4 aut  |9 981549 
773 0 |t Cserkész  |g Roč. 6, č. 4 (1995), s. 4-5 
850 |a Slovenská národná knižnica v Martine  |a DSG001 
852 |a SNK  |b KIS3GCP 
958 |a RK 
958 |a HU 
958 |a SK 
992 |a RBX 
999 |c 2194114  |d 2196044